000 00338nam a2200133Ia 4500
008 220216s9999 xx 000 0 und d
100 _aThomas V
245 0 _aPuthiya rubber inangale engane thirichariyam
260 _bRubber (Malayalam)
_c2006
300 _a14-Dec
650 _aRRII400 series
650 _aRubber clones
942 _cBS
999 _c49155
_d49155